000 00545nam a22001937a 4500
003 OSt
005 20240617163239.0
008 240617b |||||||| |||| 00| 0 eng d
020 _a9780898715651
040 _cMUST
082 _a515.35 KRE 2004
100 _aKreiss Otto, Heinz
_917393
245 _aInitial Boundary Value Problems And the Navier Stokes Equations
_cHeinz Otto Kreiss
300 _axvii,402p
_bill.
_c23cm
504 _areferences and indexes
650 _2mathematics
700 _aLorenz,Jens.
_917394
942 _2ddc
_cO_SHELF
999 _c8576
_d8576